30 largest towns in Slovenia from north to south - Statistics

General Stats
  • This quiz has been taken 16 times
  • The average score is 16 of 30
Answer Stats
Latitude (DD) Answer % Correct
2 46.56 Maribor
89%
1 46.66 Murska Sobota
89%
10 46.23 Celje
67%
28 45.55 Koper
67%
17 46.05 Ljubljana
67%
4 46.51 Slovenj Gradec
67%
15 46.14 Domžale
56%
29 45.54 Izola
56%
5 46.44 Jesenice
56%
11 46.23 Kamnik
56%
27 45.64 Kočevje
56%
9 46.24 Kranj
56%
16 46.06 Litija
56%
26 45.77 Postojna
56%
6 46.42 Ptuj
56%
3 46.54 Ravne na Koroškem
56%
12 46.17 Škofja Loka
56%
7 46.39 Slovenska Bistrica
56%
14 46.15 Trbovlje
56%
8 46.36 Velenje
56%
24 45.89 Ajdovščina
44%
23 45.90 Brežice
44%
21 45.96 Grosuplje
44%
19 45.96 Krško
44%
30 45.50 Lucija
44%
13 46.17 Mengeš
44%
20 45.96 Nova Gorica
44%
25 45.80 Novo Mesto
44%
22 45.92 Logatec
33%
18 45.97 Vrhnika
33%
No matching quizzes found
Score Distribution
Percent of People with Each Score
Percentile by Number Answered
Your Score History
You have not taken this quiz